| 000 | 00675nam a2200265Ia 4500 | ||
|---|---|---|---|
| 003 | OSt | ||
| 005 | 20221006142421.0 | ||
| 006 | a|||||r|||| 00| 0 | ||
| 007 | ta | ||
| 008 | 221006b |||||||| |||| 00| 0 eng d | ||
| 020 |
_a8185443017 _c150.00 |
||
| 024 | _a6,332 | ||
| 037 | _cTextual | ||
| 040 |
_aEASL _cEASL _beng |
||
| 041 |
_2eng _aeng |
||
| 082 | _aW.495N.N6, N0 | ||
| 100 | _aVERMA M M | ||
| 245 | 0 | _aPolitical thought of Kim Il Sung | |
| 260 |
_aNew Delhi _bR.K. Gupta & Co. India _c1990 |
||
| 300 |
_a170p. _ccm. |
||
| 490 | _v KEL | ||
| 650 | _aKEL | ||
| 942 |
_hW.495N.N6, N0 _cTEXL _2CC |
||
| 999 |
_c1074418 _d1074418 |
||